1604 1628 1604 1409 1572 1255 1541 1384 1786 1160 1939 1726 1380 1650 1439 1177 1779 1800 1212 1646 1154 1682 1422 1707 1552 1837 1358 1644 1426 1615 1357 1908 1598 1519 1917 1594 1066 1767 1341 1695 1341 1383 1094 1437 1320 1385 1844 1813 1000 1252 1496 1989 1120 1049 1229 1354 1275 1269 1764 1892 1758 1761 1570 1044 1904 1488 1141 1962 1232 1724 1754 1031 1815 1400 1006 1663 1568 1366 1996 1709 1707 1300 1674 1110 1271 1367 1913 1055 1699 1306 1747 1469 1392 1453 1246 1288 1357 1802 1849 BCNSPRNW ULIB Ver.6.0+V

เปลี่ยนเป็นภาษาไทย

Change to English
 แสดงรายละเอียดบรรณานุกรม
  กลับหน้าหลัก

Brief Record : Get Marc (ISO 2709) : E-mail record : QR code < ปิดหน้าต่าง
LEADER : 00000nam 2200000uu 4500
001    13399111909
003     ULIB
008    110712s2553||||th 000 0 tha d
020    9789746458752(ล.2)
060  4 WY101^bส719ป ล2
110 1  มหาวิทยาลัยสุโขทัยธรรมาธิราช^bสาขาวิชาพยาบาลศาสตร์
245 00 เอกสารการสอนชุดวิชา ประสบการณ์วิชาชีพการพยาบาล หน่วยที่9-15=^bProfessional experience in nursing /^cบรรณาธิการ สมใจ พุทธาพิทักษ์ผล
246 31 Professional experience in nursing
250    พิมพ์ครั้งที่ 6
260    นนทบุรี:^bศูนย์หนังสือมหาวิทยาลัยสุโขทัยธรรมาธิราช,^c2553
300    441 หน้า
650  7 การบริหารทางการพยาบาล
650  7 จรรยาบรรณพยาบาล
700 0  พรจันทร์ สุวรรณชาต,^eประธานคณะกรรมการ
710 2  มหาวิทยาลัยสุโขทัยธรรมาธิราช^bสาขาวิชาพยาบาลศาสตร์
945    ^p0^l0^i18376
945    ^p0^l0^i18377
945    ^p245^l0^i030795
945    ^p245^l0^i030796
945    ^p245^l0^i030797
995    กัณชพร
999    ^aใช้งานได้ทุกระบบ
รายการนี้ยังไม่มีแท็ก
คุณยังไม่ได้ล็อกอิน คุณสามารถมีกิจกรรมร่วมกับเว็บไซต์ได้ แต่ต้องล็อกอินก่อน ::
  ล็อกอิน

รายการสื่อสารสนเทศ

ลำดับที่ ประเภท เลขเรียก/บาร์โค้ด สถานที่ สถานะ
1. วิทยาศาสตร์การแพทย์ และสุขภาพ
วิทยาศาสตร์การแพทย์ และสุขภาพ
WY101 ส719ป ล2  
  Barcode: 18376
ห้องสมุดวิทยาเขตนครสวรรค์
►ส่วนจัดเก็บหนังสือเก่า นว.
บนชั้น
  ขอยืม
2. วิทยาศาสตร์การแพทย์ และสุขภาพ
วิทยาศาสตร์การแพทย์ และสุขภาพ
WY101 ส719ป ล2 ฉ.4 
  Barcode: 030796
ห้องสมุดวิทยาเขตสวรรค์ประชารักษ์
►ส่วนจัดเก็บหนังสือเก่า สปร
บนชั้น
  ขอยืม
3. วิทยาศาสตร์การแพทย์ และสุขภาพ
วิทยาศาสตร์การแพทย์ และสุขภาพ
WY101 ส719ป ล2 ฉ.5 
  Barcode: 030797
ห้องสมุดวิทยาเขตสวรรค์ประชารักษ์
►ส่วนจัดเก็บหนังสือเก่า สปร
บนชั้น
  ขอยืม

รายการใกล้เคียง
    หัวเรื่อง [การบริหารทางการพยาบาล]
    หัวเรื่อง [จรรยาบรรณพยาบาล]

BibComment


ยังไม่เคยถูกคอมเมนท์

คอมเมนท์ทรัพยากรรายการนี้
  คอมเมนท์: เอกสารการสอนชุดวิ..


 Copyright 2026. Bcnsprnw @Library